U.S. Cities - Sudden Death - Statistics

General Stats
  • This quiz has been taken 1,032 times
  • The average score is 4 of 15
Answers on the Grid
Answers color-coded by a green-red scale on the quiz's grid according to % correct below.
Altoona
Anbury
Apple River
Bowling Green
Fortaleza
Gay
Globe
Grassville
Houma
Levelland
Liman
Lovelock
Moose Jaw
New Birmingham
Nuevo Leon
Panama City
Paranacksett
Pennsylvania
Poughkeepsie
Sandtop
Sheboygan
Staple
Statesville
Taganak
Tahlequah
Volusia
Walla Walla
Weller
Woonsocket
Yreka
 
Answer Stats
Answer % Correct
Kentucky Bowling Green
58%
Pennsylvania Altoona
56%
New York Poughkeepsie
48%
Florida Panama City
38%
Washington Walla Walla
38%
Wisconsin Sheboygan
30%
Georgia Gay
27%
Rhode Island Woonsocket
21%
Louisiana Houma
16%
North Carolina Statesville
16%
Nevada Lovelock
12%
California Yreka
10%
Oklahoma Tahlequah
9%
Arizona Globe
8%
Texas Levelland
5%
No matching quizzes found
Score Distribution
Percent of People with Each Score
Percentile by Number Answered
Your Score History
You have not taken this quiz